000 00570nam a2200169Ia 4500
999 _c53195
_d53195
003 GCL
005 20240530105114.0
008 140319s9999 xx 000 0 ara d
040 _aGCL /
_cGCL
082 0 4 _a070.4
_bج ص
100 1 _aجورج مدبك
245 1 0 _aصحافة الكمبيوتر: مقالات مترجمة عن المجلات العالمية /
_cجورج مدبك
260 _aبيروت :
_bدار الراتب الجامعية ،
_c1986
300 _a156 ص ؛
_c24 سم
650 0 4 _aالحاسبات الالكترونية
942 _2ddc
_cBK